MARC

LEADER 00000nam0a2200000 4500
001 295495
005 20231102000820.0
035 |a (RuTPU)RU\TPU\book\320573 
090 |a 295495 
100 |a 20150522d1983 k y0rusy50 ca 
101 0 |a rus 
102 |a RU 
105 |a a z 001zy 
200 1 |a Экономика и организация строительства в районах Восточной Сибири и Крайнего Севера  |e сборник научных трудов  |f Красноярский Промстройинвест ; под ред. Е. И. Перышкина 
210 |a Красноярск  |c Изд-во Красноярского Промстройинвестпроекта  |d 1983 
215 |a 92 с.  |c ил. 
320 |a Библиография в конце статей 
606 1 |a Строительные организации  |x Экономика  |2 stltpush  |3 (RuTPU)RU\TPU\subj\57690  |9 75548 
610 1 |a строительство 
610 1 |a Восточная Сибирь 
610 1 |a Крайний Север 
610 1 |a технико-экономические показатели 
610 1 |a строительно-монтажные работы 
610 1 |a несущие конструкции 
610 1 |a производительность труда 
610 1 |a панельные конструкции 
610 1 |a транспортировка 
610 1 |a строительные машины 
610 1 |a экономическая эффективность 
675 |a 69:658  |v 4 
702 1 |a Перышкин  |b Е. И.  |4 340 
712 0 2 |a Красноярский Промстройинвест  |4 570 
801 1 |a RU  |b 63413507  |c 20150522 
801 2 |a RU  |b 63413507  |c 20181025  |g RCR 
942 |c BK